<?xml version="1.0" encoding="UTF-8"?>
<record
    xmlns:xsi="http://www.w3.org/2001/XMLSchema-instance"
    xsi:schemaLocation="http://www.loc.gov/MARC21/slim http://www.loc.gov/standards/marcxml/schema/MARC21slim.xsd"
    xmlns="http://www.loc.gov/MARC21/slim">

  <leader>01873nam a22002297a 4500</leader>
  <controlfield tag="005">20260131095127.0</controlfield>
  <controlfield tag="008">211016b           ||||| |||| 00| 0 eng d</controlfield>
  <datafield tag="020" ind1=" " ind2=" ">
    <subfield code="a">9781542094085</subfield>
  </datafield>
  <datafield tag="040" ind1=" " ind2=" ">
    <subfield code="c">AL</subfield>
  </datafield>
  <datafield tag="041" ind1=" " ind2=" ">
    <subfield code="a">eng</subfield>
  </datafield>
  <datafield tag="082" ind1=" " ind2=" ">
    <subfield code="2">23</subfield>
    <subfield code="a">820.33</subfield>
    <subfield code="b">BHAF</subfield>
  </datafield>
  <datafield tag="100" ind1=" " ind2=" ">
    <subfield code="a">Chetan Bhagat</subfield>
    <subfield code="9">253368</subfield>
  </datafield>
  <datafield tag="245" ind1=" " ind2=" ">
    <subfield code="a">Four Hundred Days</subfield>
  </datafield>
  <datafield tag="260" ind1=" " ind2=" ">
    <subfield code="a">New Delhi</subfield>
    <subfield code="b">Westland</subfield>
    <subfield code="c">2021</subfield>
  </datafield>
  <datafield tag="300" ind1=" " ind2=" ">
    <subfield code="a">344p</subfield>
    <subfield code="b">PB</subfield>
    <subfield code="c">19x13cm</subfield>
  </datafield>
  <datafield tag="365" ind1=" " ind2=" ">
    <subfield code="a">2922</subfield>
    <subfield code="b">&#x20B9;200.00</subfield>
    <subfield code="c">&#x20B9;</subfield>
    <subfield code="d">&#x20B9;250.00</subfield>
    <subfield code="e">20%</subfield>
    <subfield code="f">12-10-2021</subfield>
  </datafield>
  <datafield tag="520" ind1=" " ind2=" ">
    <subfield code="a">400 Days is the tenth novel by Indian author Chetan Bhagat and the third installment in the Keshav-Saurabh mystery series, following The Girl in Room 105 (2018)[3] and One Arranged Murder (2020).[4] The novel blends elements of mystery and romance, focusing on a detective case involving a missing child.
My daughter Siya was kidnapped. Nine months ago, ' Alia said.
The police had given up. They called it a cold case. Even the rest of her family had stopped searching.
Alia wouldn't stop looking, though. She wanted to know if I could help her.
Hi, I am Keshav Rajpurohit and I am a disappointment to everyone around me. I live with my parents, who keep telling me how I should a) get married, b) focus on my IPS exams, c) meet more people and d) close my detective agency.
But Alia Arora, neighbour and ex-model, wanted my help. And I couldn't take my eyes off her face ... I mean, her case.
Welcome to 400 Days. A mystery and romance story like none other. An unputdownable tale of suspense, human relationships, love, friendship, the crazy world we live in and, above all, a mother's determination to never give up.
From India's highest-selling author comes a page-turner that will not only keep you glued to the story but also touch you deeply.</subfield>
  </datafield>
  <datafield tag="650" ind1=" " ind2=" ">
    <subfield code="a">400 Days </subfield>
    <subfield code="9">1373</subfield>
  </datafield>
  <datafield tag="650" ind1=" " ind2=" ">
    <subfield code="a">Indian English Fiction</subfield>
    <subfield code="9">205462</subfield>
  </datafield>
  <datafield tag="650" ind1=" " ind2=" ">
    <subfield code="a">Mystery, Thriller</subfield>
    <subfield code="9">205464</subfield>
  </datafield>
  <datafield tag="942" ind1=" " ind2=" ">
    <subfield code="2">ddc</subfield>
    <subfield code="c">BK</subfield>
  </datafield>
  <datafield tag="999" ind1=" " ind2=" ">
    <subfield code="c">216619</subfield>
    <subfield code="d">216619</subfield>
  </datafield>
  <datafield tag="952" ind1=" " ind2=" ">
    <subfield code="0">0</subfield>
    <subfield code="1">0</subfield>
    <subfield code="2">ddc</subfield>
    <subfield code="4">0</subfield>
    <subfield code="7">0</subfield>
    <subfield code="8">GEN</subfield>
    <subfield code="a">AL</subfield>
    <subfield code="b">AL</subfield>
    <subfield code="d">2021-10-13</subfield>
    <subfield code="e">Biblios Book Point</subfield>
    <subfield code="g">200.00</subfield>
    <subfield code="l">36</subfield>
    <subfield code="m">3</subfield>
    <subfield code="o">820.33 BHAF</subfield>
    <subfield code="p">075034</subfield>
    <subfield code="q">2026-07-09</subfield>
    <subfield code="r">2026-06-29 11:23:42</subfield>
    <subfield code="s">2026-06-29</subfield>
    <subfield code="v">250.00</subfield>
    <subfield code="w">2021-10-16</subfield>
    <subfield code="y">BK</subfield>
  </datafield>
</record>
